000 00281nas a2200121Ia 4500
008 150201s2010 xx 000 0 und d
245 _aIndian Journal of Surgery
260 _c2010
310 _aBio-Monthly
500 _aNATIONAL
650 _aGeneral Surgery
942 _2ddc
_cLJ
_s1
999 _c6187
_d6187